| 000 | 00367nam a2200145Ia 4500 | ||
|---|---|---|---|
| 008 | 230917s9999||||xx |||||||||||||| ||und|| | ||
| 040 |
_e76787 _aMAIN |
||
| 041 | _aEnglish | ||
| 082 | _a658.3 S15P | ||
| 100 | _aSiegel, William L | ||
| 245 | 0 | _aPeople management for small business | |
| 260 |
_aNew York _bJohn Wiley _c1978 |
||
| 300 | _aviii, 130 p. | ||
| 942 | _cBK | ||
| 999 |
_c200165 _d200165 |
||